Les Meilleurs buteurs de la Ligue 1 2024-2025 - Statistiques

Statistiques générales
  • Ce quiz a été pris 97 fois
  • Le résultat moyen est 8 sur 10
Statistiques - réponses
Buts Nationalité Club Joueur % Correct
21 France Paris Saint-Germain Ousmane Dembélé
100%
14 France Paris Saint-Germain Bradley Barcola
93%
16 Canada LOSC Lille Jonathan David
92%
21 Angleterre Olympique de Marseille Mason Greenwood
92%
16 France Olympique lyonnais Alexandre Lacazette
90%
13 Algérie Olympique de Marseille Amine Gouiri
87%
17 France Stade rennais FC Arnaud Kalimuendo
71%
13 France Stade brestois Ludovic Ajorque
67%
14 Pays-Bas RC Strasbourg Emanuel Emegha
64%
13 Danemark AS Monaco Mika Biereth
63%
Aucun quiz correspondant
Distribution des résultats
% des personnes avec chaque résultat
Percentile par nombre de réponses
Votre historique - résultats
Vous n’avez pas pris ce quiz